| 000 | 00656nam a2200157 a 4500 | ||
|---|---|---|---|
| 008 | 090618s1973 ||||||||||||||||| || u | ||
| 050 | _aGOV.ZAM(02)1973/11 | ||
| 110 | _aGovernment of the Republic of Zimbabwe (GRZ) | ||
| 245 | 1 | 0 |
_aRhodesia national bibliography 1972 _cNational Archives of Rhodesia |
| 260 |
_aSalisbury _bNational Archives of Rhodesia _c1973 |
||
| 300 | _aiii, 23p. | ||
| 350 | _a0.00 | ||
| 650 | _aBIBLIOGRAPHY, NATIONAL--ZIMBABWE | ||
| 710 | _aZimbabwe. National Archives | ||
| 995 |
_D0.00 _FCBU-MAIN LIBRARY (Kitwe) _H1 _I0.00 _M1 _UAVAILABLE _WJun 18, 2009 _ZZambiana Collection |
||
| 999 |
_c56532 _d56532 |
||